| 000 | 00625nam a2200229Ia 4500 | ||
|---|---|---|---|
| 005 | 20250508163833.0 | ||
| 008 | 008 250505s9999 xx 000 0 eng d | ||
| 020 | _a0-304-70289-7 | ||
| 037 | _aReference | ||
| 040 |
_aFEDL _beng _cFEDL |
||
| 041 |
_aeng _2eng |
||
| 084 |
_a370.7, TUR _qFEDL |
||
| 100 |
_aTurner Mike _9776493 |
||
| 245 | 0 | _aSharing expertise in teacher education | |
| 260 |
_aLondon, UK _bCassell _c1999 |
||
| 300 | _aviii, 152p. | ||
| 365 |
_aGBP _b16.99 |
||
| 650 | _aTeacher education | ||
| 700 |
_a Bash Leslie _9776494 |
||
| 942 |
_cREF _h370.7, TUR |
||
| 999 |
_c1385524 _d1385524 |
||